000 01070nam a2200493Ia 4500
001 10332
003 20787
005 20240715093836.0
008 ||||||n9999 ||| || ||
020 _a9500235544
041 _aspa
082 _221
_a658
100 _aSimon, Herbert A.
_95880
245 0 _aLa nueva ciencia de la decision gerencial
260 _aBuenos Aires :
_bEl Ateneo,
_c1977.
300 _a163p
490 _aBiblioteca de ciencias economicas
562 _e1
650 _aDECISIONES
_92083
650 _aDECISIONES GERENCIALES
_912346
650 _aGERENTE
_912701
942 _cBKM
942 _cBKM
999 _c10332
_d10332
526 _a102617
526 _a102618
526 _a15794
526 _a102619
526 _a102620
526 _a10406
526 _a105630
526 _a1698
526 _a116204
526 _a4969
526 _a19790
526 _a104436
526 _a5144
526 _a51868
526 _a3899
526 _a9683
526 _a
526 _a1703
526 _a1697
526 _a17598